[Event "Sonderjysk EMT Mesterklassen 2011"]
[Site "Vojens"]
[Date "2011.05.02"]
[Round "1"]
[White "Jensen, Godtfred Sloth"]
[Black "Hye, Allan"]
[Result "1-0"]
[WhiteElo "1898"]
[BlackElo "1970"]
[PlyCount "88"]
[EventDate "2011.??.??"]

1. e4 g6 2. d4 Bg7 3. c3 d6 4. Nf3 Nd7 5. Bd3 e6 6. O-O Ne7 7. Re1 a6 8. a4 b6
9. Bg5 h6 10. Bh4 O-O 11. Nbd2 Qe8 12. h3 e5 13. Nb3 g5 14. Bg3 Ng6 15. Qc2 Nf6
16. dxe5 dxe5 17. Nbd2 Nh5 18. b3 Be6 19. Nc4 Nhf4 20. Bf1 Qc6 21. Ne3 Kh7 22.
Kh2 Rfd8 23. Rad1 b5 24. axb5 axb5 25. Rxd8 Rxd8 26. c4 Bf8 27. Qb1 b4 28. Nd5
Kg7 29. Bxf4 gxf4 30. Rd1 f6 31. Qc2 Qb7 32. Nxf4 Bd7 33. Ne6+ Bxe6 34. Rxd8
Bd6 35. Bd3 Be7 36. Re8 Kf7 37. Rxe7+ Kxe7 38. g3 Kf7 39. Qd2 Kg7 40. Bc2 c5
41. Qd6 Qa8 42. Ng1 Qa1 43. Qd1 Qd4 44. Nf3 Qc3 1-0

[Event "Sonderjysk EMT Mesterklassen 2011"]
[Site "Vojens"]
[Date "2011.05.02"]
[Round "1"]
[White "Brautsch, Soren"]
[Black "Hermannsen, Allan Schmidt"]
[Result "1/2-1/2"]
[WhiteElo "2200"]
[BlackElo "2048"]
[PlyCount "48"]
[EventDate "2011.??.??"]

1. d4 f5 2. Bg5 Nf6 3. Bxf6 exf6 4. e3 d5 5. Bd3 Be6 6. Ne2 Bd6 7. Nd2 Nc6 8.
c3 Ne7 9. O-O O-O 10. c4 c6 11. c5 Bc7 12. b4 Qe8 13. Nf4 Bd7 14. g3 g5 15. Ng2
Kh8 16. Qe2 Qg6 17. b5 Rae8 18. Rab1 cxb5 19. Bxb5 Nc6 20. Qf3 f4 21. Bxc6 Bxc6
22. exf4 Qc2 23. Nb3 Qxa2 24. Ra1 Qb2 1/2-1/2

[Event "Sonderjysk EMT Mesterklassen 2011"]
[Site "Vojens"]
[Date "2011.05.02"]
[Round "1"]
[White "Hedegaard, Michael"]
[Black "Karstensen, Christian"]
[Result "1-0"]
[WhiteElo "1890"]
[BlackElo "1895"]
[PlyCount "53"]
[EventDate "2011.??.??"]

1. e4 c5 2. Nf3 d6 3. Bc4 e6 4. d4 cxd4 5. c3 dxc3 6. O-O Nc6 7. Nxc3 Nf6 8.
Qe2 a6 9. a4 Be7 10. Rd1 Qc7 11. Bg5 O-O 12. Rac1 Re8 13. Rd2 Bd7 14. h3 Rad8
15. Bf4 Ne5 16. Ba2 Nxf3+ 17. Qxf3 Bxa4 18. Rd4 Bc6 19. Nd5 exd5 20. exd5 Qa5
21. dxc6 Qxa2 22. c7 Ra8 23. Qxb7 Qe6 24. Rdc4 Qc8 25. Qxa8 Nd7 26. Qxc8 Rxc8
27. Rc6 1-0

[Event "Sonderjysk EMT Mesterklassen 2011"]
[Site "Vojens"]
[Date "2011.05.02"]
[Round "1"]
[White "Nielsen, Finn E"]
[Black "Bjornskov, Kai Christian"]
[Result "0-1"]
[WhiteElo "1891"]
[BlackElo "2096"]
[PlyCount "59"]
[EventDate "2011.??.??"]

1. e4 c5 2. Nf3 d6 3. d4 cxd4 4. Nxd4 Nf6 5. Nc3 a6 6. h3 b5 7. Bd3 Bb7 8. a3
g6 9. Be3 Bg7 10. Qd2 O-O 11. O-O-O Nbd7 12. f4 Rc8 13. Rhe1 Nc5 14. e5 dxe5
15. fxe5 Nd5 16. Nf3 Nxd3+ 17. Qxd3 Nxc3 18. Qxd8 Rfxd8 19. Rxd8+ Rxd8 20. bxc3
Bxf3 21. gxf3 Bxe5 22. Kb2 Rc8 23. Bd4 Bd6 24. Bb6 Rc4 25. Re4 f5 26. Rd4 Kf7
27. Kb3 Rc6 28. Ba5 e5 29. Rh4 h5 30. Bb4 0-1

[Event "Sonderjysk EMT Mesterklassen 2011"]
[Site "Vojens"]
[Date "2011.05.09"]
[Round "2"]
[White "Jensen, Godtfred Sloth"]
[Black "Brautsch, Soren"]
[Result "0-1"]
[WhiteElo "1898"]
[BlackElo "2200"]
[PlyCount "138"]
[EventDate "2011.??.??"]

1. e4 Nf6 2. Nc3 e5 3. Nf3 Bb4 4. Bc4 O-O 5. d3 d5 6. exd5 Nxd5 7. Bd2 Bxc3 8.
bxc3 Bg4 9. h3 Bh5 10. O-O Nb6 11. Bb3 Nc6 12. Re1 Re8 13. g4 Bg6 14. Ng5 h6
15. Ne4 Kh7 16. Qf3 Rf8 17. Ng3 Qd7 18. Kg2 Rad8 19. Rad1 Nd5 20. h4 f6 21. h5
Bf7 22. Qe4+ Kh8 23. f3 Be6 24. d4 exd4 25. Qxe6 Qxe6 26. Rxe6 dxc3 27. Bxd5
Rxd5 28. Ne4 Rfd8 29. Nxc3 Rxd2+ 30. Rxd2 Rxd2+ 31. Kg3 Rxc2 32. Nb5 Ne5 33.
Re7 Rxa2 34. Rxc7 a6 35. Nd6 Ra3 36. Nf5 Rxf3+ 37. Kg2 Rf4 38. Rxb7 Rxg4+ 39.
Kh3 Rg5 40. Ng3 f5 41. Ra7 f4 42. Ne4 Rxh5+ 43. Kg2 Rh4 44. Nf2 f3+ 45. Kg3 Ra4
46. Re7 Nc6 47. Re8+ Kh7 48. Kxf3 a5 49. Ra8 Rc4 50. Nd1 g5 51. Ne3 Rc1 52. Ra6
h5 53. Nd5 Rc4 54. Nf6+ Kg6 55. Nd7 Rc3+ 56. Ke4 Kg7 57. Ra8 g4 58. Rc8 g3 59.
Ne5 g2 60. Rc7+ Kh6 61. Nf7+ Kg6 62. Nh8+ Kf6 63. Rf7+ Ke6 64. Rg7 Rc4+ 65. Kf3
Rg4 66. Rxg4 hxg4+ 67. Kxg2 a4 68. Ng6 a3 69. Nf4+ Kf5 0-1

[Event "Sonderjysk EMT Mesterklassen 2011"]
[Site "Vojens"]
[Date "2011.05.09"]
[Round "2"]
[White "Hermannsen, Allan Schmidt"]
[Black "Hedegaard, Michael"]
[Result "1/2-1/2"]
[WhiteElo "2048"]
[BlackElo "1890"]
[PlyCount "84"]
[EventDate "2011.??.??"]

1. e4 d5 2. exd5 Qxd5 3. Nc3 Qd6 4. d4 Nf6 5. Nf3 a6 6. Bd3 Bg4 7. Qe2 Nc6 8.
Be3 O-O-O 9. O-O-O e6 10. Rhe1 Nb4 11. Be4 Nbd5 12. Nxd5 exd5 13. Bd3 g6 14. h3
Bxf3 15. Qxf3 Bg7 16. Bf4 Qd7 17. Bg5 Qd6 18. g4 Rde8 19. Bf4 Qd7 20. Be5 Re6
21. Qg2 Ne8 22. f4 Rc6 23. f5 f6 24. Bh2 g5 25. Re6 Bf8 26. Rde1 Ng7 27. R6e2
Bb4 28. c3 Re8 29. Kb1 Rxe2 30. Qxe2 Bd6 31. Bxd6 Rxd6 32. Qh2 Qf7 33. h4 h6
34. hxg5 hxg5 35. Qh7 Rd8 36. a3 Rf8 37. c4 dxc4 38. Bxc4 Qxc4 39. Qxg7 Qf7 40.
Qxf7 Rxf7 41. Re6 Rd7 42. Re4 Kd8 1/2-1/2

[Event "Sonderjysk EMT Mesterklassen 2011"]
[Site "Vojens"]
[Date "2011.05.09"]
[Round "2"]
[White "Karstensen, Christian"]
[Black "Nielsen, Finn E"]
[Result "1-0"]
[WhiteElo "1895"]
[BlackElo "1891"]
[PlyCount "95"]
[EventDate "2011.??.??"]

1. e4 e6 2. d4 d5 3. Nc3 Bb4 4. e5 c5 5. Bd2 a6 6. a3 Bxc3 7. Bxc3 cxd4 8. Bxd4
Nc6 9. f4 Nge7 10. Nf3 Qc7 11. c3 Bd7 12. Bd3 Nxd4 13. Nxd4 Nc6 14. Bc2 O-O-O
15. O-O f6 16. exf6 gxf6 17. b4 e5 18. Nb3 Rhg8 19. Kh1 Bg4 20. Qd2 h5 21. h3
Be6 22. Nc5 Bf7 23. Bf5+ Kb8 24. Ne6 Bxe6 25. Bxe6 Rg3 26. Bxd5 e4 27. Qf2 Rxc3
28. Bxe4 Nd4 29. a4 f5 30. Bb1 Nb3 31. Ra2 Rc1 32. Bxf5 Rdd1 33. Rxd1 Rxd1+ 34.
Kh2 Nd4 35. Bc2 Nxc2 36. Rxc2 Qd6 37. b5 a5 38. h4 Rd4 39. g3 Rxa4 40. Qc5 Qxc5
41. Rxc5 b6 42. Rxh5 Rd4 43. Re5 a4 44. f5 Rd2+ 45. Kh3 a3 46. Re3 a2 47. Ra3
Kc7 48. h5 1-0

[Event "Sonderjysk EMT Mesterklassen 2011"]
[Site "Vojens"]
[Date "2011.05.09"]
[Round "2"]
[White "Hye, Allan"]
[Black "Bjornskov, Kai Christian"]
[Result "1-0"]
[WhiteElo "1970"]
[BlackElo "2096"]
[PlyCount "90"]
[EventDate "2011.??.??"]

1. d4 Nf6 2. Nf3 g6 3. Nc3 Bg7 4. e4 d6 5. Be3 O-O 6. Qd2 Nbd7 7. h3 a6 8. Bh6
b5 9. e5 Ne8 10. O-O-O Bb7 11. h4 e6 12. h5 Bxf3 13. gxf3 Qe7 14. Bg5 f6 15.
exf6 Bxf6 16. Bh6 Bg7 17. hxg6 hxg6 18. Bd3 Rf6 19. Bg5 Nf8 20. Rdg1 Qf7 21.
Bxf6 Nxf6 22. Qg5 Nh5 23. Bxg6 Qf4+ 24. Kb1 Qxg5 25. Rxg5 Nxg6 26. Rxg6 Kf7 27.
Rg5 Nf6 28. Ne4 Nxe4 29. fxe4 Bxd4 30. f4 Rh8 31. Rxh8 Bxh8 32. a4 c6 33. c4
Bf6 34. cxb5 axb5 35. a5 Bd4 36. Rh5 Kg7 37. Kc2 Kg6 38. Rh8 Bxh8 39. e5 dxe5
40. a6 exf4 41. a7 f3 42. a8=Q f2 43. Qe8+ Kg5 44. Qg8+ Kf4 45. Qxh8 Kg3 1-0

[Event "Sonderjysk EMT Mesterklassen 2011"]
[Site "Vojens"]
[Date "2011.05.16"]
[Round "3"]
[White "Brautsch, Soren"]
[Black "Hye, Allan"]
[Result "1-0"]
[WhiteElo "2200"]
[BlackElo "1970"]
[PlyCount "61"]
[EventDate "2011.??.??"]

1. e4 c6 2. d4 d5 3. e5 Bf5 4. Nf3 e6 5. Be2 Ne7 6. O-O Nd7 7. Nc3 c5 8. Be3
Nc6 9. Re1 Be7 10. dxc5 Nxc5 11. Nd4 Nxd4 12. Bxd4 O-O 13. f4 a6 14. Bf3 Qd7
15. Qd2 Rac8 16. Rad1 Na4 17. g4 Nxc3 18. Bxc3 Bg6 19. f5 exf5 20. Bxd5 Qb5 21.
e6 Bc5+ 22. Kh1 fxg4 23. Qf4 Rce8 24. Qe5 f6 25. e7+ Rf7 26. Qc7 h5 27. a4 Qb6
28. Qd7 Rexe7 29. Rxe7 Bxe7 30. Qxe7 Kh7 31. Bxf7 1-0

[Event "Sonderjysk EMT Mesterklassen 2011"]
[Site "Vojens"]
[Date "2011.05.16"]
[Round "3"]
[White "Hedegaard, Michael"]
[Black "Jensen, Godtfred Sloth"]
[Result "0-1"]
[WhiteElo "1890"]
[BlackElo "1898"]
[PlyCount "74"]
[EventDate "2011.??.??"]

1. e4 c5 2. Nf3 d6 3. d4 cxd4 4. c3 dxc3 5. Nxc3 Nc6 6. Bc4 Nf6 7. Bg5 e6 8.
O-O a6 9. Rc1 Be7 10. Qe2 Bd7 11. a4 Rc8 12. Rfd1 Qc7 13. Ba2 Qb8 14. h3 Rd8
15. Bf4 Ne5 16. Nd4 O-O 17. g4 h6 18. Bg3 Nc6 19. Nc2 Ne8 20. f4 Bf6 21. h4 g5
22. hxg5 hxg5 23. Kg2 gxf4 24. Bxf4 Ne5 25. g5 Ng6 26. Bxd6 Nxd6 27. gxf6 Nf4+
28. Kf3 Nxe2 29. Kxe2 Nf5 30. exf5 Qh2+ 31. Ke3 Bc6 32. Rg1+ Kh8 33. Ne4 Bxe4
34. Kxe4 exf5+ 35. Kf3 Rd3+ 36. Ne3 Qh3+ 37. Kf4 Rd4+ 0-1

[Event "Sonderjysk EMT Mesterklassen 2011"]
[Site "Vojens"]
[Date "2011.05.16"]
[Round "3"]
[White "Bjornskov, Kai Christian"]
[Black "Karstensen, Christian"]
[Result "1/2-1/2"]
[WhiteElo "2096"]
[BlackElo "1895"]
[PlyCount "99"]
[EventDate "2011.??.??"]

1. d4 Nf6 2. c4 e6 3. Nf3 Bb4+ 4. Bd2 Qe7 5. Qc2 O-O 6. g3 b6 7. Bg2 Bb7 8. O-O
Bxd2 9. Nbxd2 d6 10. e4 e5 11. d5 Nbd7 12. b4 a5 13. a3 g6 14. Nb3 axb4 15.
axb4 Rfb8 16. Nfd2 Qf8 17. Qc3 Rxa1 18. Rxa1 Ra8 19. Rf1 Qe7 20. Nc1 Nh5 21.
Nd3 Ng7 22. Ra1 Rxa1+ 23. Qxa1 Qf8 24. f4 f6 25. Bh3 Qd8 26. Qa4 Nf8 27. c5
bxc5 28. bxc5 Qe8 29. Qxe8 Nxe8 30. c6 Ba6 31. Nb4 Bb5 32. Nb1 Kf7 33. Na3 Ba4
34. Kf2 Ke7 35. Ke3 Ng7 36. Nd3 Bb3 37. Nb5 Kd8 38. fxe5 fxe5 39. Nb4 Bc4 40.
Na3 Bb3 41. Kd3 g5 42. Kc3 Bd1 43. Nc4 Be2 44. Na5 g4 45. Bg2 h5 46. Kd2 Bb5
47. Ke3 Nh7 48. Na2 Nf6 49. Nc3 Ba6 50. Na2 1/2-1/2

[Event "Sonderjysk EMT Mesterklassen 2011"]
[Site "Vojens"]
[Date "2011.05.16"]
[Round "3"]
[White "Nielsen, Finn E"]
[Black "Hermannsen, Allan Schmidt"]
[Result "0-1"]
[WhiteElo "1891"]
[BlackElo "2048"]
[PlyCount "106"]
[EventDate "2011.??.??"]

1. e4 c5 2. Nf3 a6 3. c3 e6 4. d4 d5 5. e5 Nc6 6. Be3 cxd4 7. cxd4 Nge7 8. Bd3
Bd7 9. Nc3 Ng6 10. h4 Be7 11. h5 Nf8 12. Qd2 Rc8 13. Rc1 Na5 14. O-O Nc4 15.
Bxc4 Rxc4 16. b3 Rc8 17. Ne1 Bc6 18. Nd3 Nd7 19. f4 f5 20. exf6 Nxf6 21. f5
exf5 22. Rxf5 O-O 23. Ne5 Be8 24. g4 Qa5 25. g5 Nxh5 26. Nc4 Qc7 27. Rxf8+ Bxf8
28. Nxd5 Qg3+ 29. Qg2 Qxg2+ 30. Kxg2 Bc6 31. Ncb6 Rd8 32. Rxc6 bxc6 33. Nc7 a5
34. Kf3 Kf7 35. Nc4 Rc8 36. Ne5+ Ke7 37. Na6 Ke6 38. Nc4 Bd6 39. Ke4 Ng3+ 40.
Kd3 Nf5 41. Bd2 Ne7 42. Nb6 Rf8 43. Bxa5 Rf3+ 44. Ke2 Rg3 45. Bd2 Nf5 46. Nc5+
Bxc5 47. dxc5 Nd4+ 48. Kf2 Rf3+ 49. Ke1 Rf5 50. b4 Nf3+ 51. Ke2 Nxd2 52. Kxd2
Rf2+ 53. Ke3 Rxa2 0-1

[Event "Sonderjysk EMT Mesterklassen 2011"]
[Site "Vojens"]
[Date "2011.05.23"]
[Round "4"]
[White "Brautsch, Soren"]
[Black "Hedegaard, Michael"]
[Result "1-0"]
[WhiteElo "2200"]
[BlackElo "1890"]
[PlyCount "63"]
[EventDate "2011.??.??"]

1. d4 d5 2. Nf3 Nc6 3. c4 Bg4 4. cxd5 Bxf3 5. gxf3 Qxd5 6. e3 e5 7. Nc3 Bb4 8.
Bd2 Bxc3 9. bxc3 Qd6 10. Rb1 Nge7 11. Bg2 O-O 12. f4 exd4 13. cxd4 Kh8 14. O-O
Rab8 15. Qf3 Ng6 16. Qh5 a6 17. Bc3 f5 18. Rfe1 Nge7 19. Qf3 Ng6 20. d5 Nce7
21. Red1 a5 22. Qg3 b6 23. h4 Rf7 24. h5 Nf8 25. Be5 Qh6 26. Bxc7 Re8 27. Rxb6
Rf6 28. Rxf6 gxf6 29. d6 Ne6 30. d7 Rg8 31. d8=Q Nxd8 32. Rxd8 1-0

[Event "Sonderjysk EMT Mesterklassen 2011"]
[Site "Vojens"]
[Date "2011.05.23"]
[Round "4"]
[White "Jensen, Godtfred Sloth"]
[Black "Nielsen, Finn E"]
[Result "1-0"]
[WhiteElo "1898"]
[BlackElo "1891"]
[PlyCount "59"]
[EventDate "2011.??.??"]

1. e4 e6 2. d4 d5 3. Nc3 Bb4 4. Nge2 dxe4 5. a3 Bxc3+ 6. Nxc3 Nc6 7. Bb5 Nge7
8. Nxe4 a6 9. Bxc6+ Nxc6 10. c3 Qd5 11. Qf3 h6 12. Bf4 f5 13. Nd2 Qxf3 14. Nxf3
Kd8 15. h4 b6 16. h5 Bb7 17. O-O-O Ne7 18. Ne5 Rf8 19. f3 Nd5 20. Bd2 b5 21.
Rde1 Rf6 22. Rh3 Ke7 23. Rg3 Rg8 24. Kc2 Kd6 25. b3 f4 26. Rg4 Rf5 27. Rh4 Rg5
28. Nf7+ Kc6 29. Nxg5 hxg5 30. Rg4 1-0

[Event "Sonderjysk EMT Mesterklassen 2011"]
[Site "Vojens"]
[Date "2011.05.23"]
[Round "4"]
[White "Hye, Allan"]
[Black "Karstensen, Christian"]
[Result "1-0"]
[WhiteElo "1970"]
[BlackElo "1895"]
[PlyCount "80"]
[EventDate "2011.??.??"]

1. d4 Nf6 2. Nf3 e6 3. e3 b6 4. Bd3 Bb7 5. O-O g6 6. Nbd2 Bg7 7. b3 O-O 8. Bb2
d6 9. c4 c5 10. Re1 Nc6 11. a3 a5 12. Rc1 Nd7 13. Qc2 e5 14. dxe5 dxe5 15. Be4
Qc7 16. Rcd1 Ne7 17. Bxb7 Qxb7 18. Ne4 Rad8 19. Rd2 Nc6 20. Red1 Qc7 21. Nd6
Ndb8 22. Qe4 Qe7 23. h4 h6 24. h5 Qe6 25. hxg6 fxg6 26. Nb5 Rxd2 27. Rxd2 Qf5
28. Qd5+ Kh7 29. Nd6 Qf6 30. Ne4 Qe7 31. Qd6 Qxd6 32. Rxd6 Re8 33. Nh4 g5 34.
Nf5 Rf8 35. g4 Rf7 36. Re6 Rd7 37. Neg3 Rd3 38. Nxg7 Kxg7 39. Bxe5+ Nxe5 40.
Rxe5 Rxb3 1-0

[Event "Sonderjysk EMT Mesterklassen 2011"]
[Site "Vojens"]
[Date "2011.05.26"]
[Round "5"]
[White "Nielsen, Finn E"]
[Black "Brautsch, Soren"]
[Result "1-0"]
[WhiteElo "1891"]
[BlackElo "2200"]
[PlyCount "63"]
[EventDate "2011.??.??"]

1. e4 Nf6 2. e5 Nd5 3. c4 Nb6 4. d4 d6 5. f4 dxe5 6. fxe5 Nc6 7. Be3 Bf5 8. a3
e6 9. Nc3 Be7 10. Nf3 Bg4 11. Ne4 O-O 12. Be2 Bxf3 13. gxf3 Bh4+ 14. Ng3 Qe7
15. Qc2 Rfd8 16. O-O-O f6 17. f4 Rd7 18. Bf3 Na5 19. Be2 Rad8 20. Ne4 Nc6 21.
d5 exd5 22. Nc5 d4 23. Nxd7 Rxd7 24. c5 dxe3 25. cxb6 fxe5 26. bxa7 Nxa7 27.
Rxd7 Qxd7 28. fxe5 Kh8 29. Rf1 Qe7 30. Qe4 h6 31. Bd3 g5 32. Rf8+ 1-0

[Event "Sonderjysk EMT Mesterklassen 2011"]
[Site "Vojens"]
[Date "2011.05.30"]
[Round "5"]
[White "Bjornskov, Kai Christian"]
[Black "Jensen, Godtfred Sloth"]
[Result "1-0"]
[WhiteElo "2096"]
[BlackElo "1898"]
[PlyCount "113"]
[EventDate "2011.??.??"]

1. d4 d5 2. Nf3 Nf6 3. c4 e6 4. Nc3 c6 5. Bg5 Be7 6. e3 Nbd7 7. Qc2 dxc4 8.
Bxc4 Nd5 9. Bxe7 Qxe7 10. O-O O-O 11. a3 Rd8 12. Rad1 Nf8 13. Ne4 Bd7 14. Ng3
Be8 15. e4 Nf6 16. Rd2 Rac8 17. e5 Nd5 18. Ne4 Rb8 19. Re1 f5 20. exf6 gxf6 21.
Ng3 Bg6 22. Bd3 Nf4 23. Bxg6 hxg6 24. Ne4 Kg7 25. g3 Nd5 26. Nc5 Qf7 27. Rde2
Nc7 28. Re4 Rd5 29. Nd3 Re8 30. Nf4 Rb5 31. a4 Ra5 32. b4 Rf5 33. g4 Rxf4 34.
Rxf4 Nd5 35. Rfe4 Nxb4 36. Qb3 Nd5 37. g5 f5 38. R4e2 Qe7 39. Rb2 b6 40. h4 Qd6
41. Ne5 a5 42. Qf3 Nb4 43. Rd2 Nd7 44. h5 Nxe5 45. h6+ Kf7 46. Rxe5 Nd5 47. Qg3
Rd8 48. Rde2 Nc7 49. Qb3 Nd5 50. Rxe6 Qxe6 51. Rxe6 Kxe6 52. Qg3 f4 53. Qf3 Ne7
54. Qe4+ Kf7 55. Qxf4+ Nf5 56. Qc7+ Ke8 57. h7 1-0

[Event "Sonderjysk EMT Mesterklassen 2011"]
[Site "Vojens"]
[Date "2011.05.30"]
[Round "5"]
[White "Karstensen, Christian"]
[Black "Hermannsen, Allan Schmidt"]
[Result "1/2-1/2"]
[WhiteElo "1895"]
[BlackElo "2048"]
[PlyCount "74"]
[EventDate "2011.??.??"]

1. e4 c5 2. Nf3 e6 3. d4 cxd4 4. Nxd4 a6 5. Be2 Qc7 6. O-O Nf6 7. Nc3 Nc6 8. a3
Be7 9. Kh1 O-O 10. Be3 b5 11. f4 Nxd4 12. Bxd4 Bb7 13. e5 Ne4 14. f5 f6 15.
exf6 Nxf6 16. Bf3 Rad8 17. Qe2 Rfe8 18. Bxb7 Qxb7 19. fxe6 dxe6 20. Qxe6+ Kh8
21. Bxf6 Bxf6 22. Qh3 Rd2 23. Rad1 Bxc3 24. bxc3 Rxd1 25. Rxd1 Qe7 26. Qg3 Qxa3
27. h3 h6 28. Rd7 Qf8 29. Ra7 Ra8 30. Qc7 Rxa7 31. Qxa7 Qf6 32. Kh2 Kh7 33. Kg1
Qd6 34. Kh1 Qd1+ 35. Kh2 Qd6+ 36. Kh1 Qd1+ 37. Kh2 Qd6+ 1/2-1/2

[Event "Sonderjysk EMT Mesterklassen 2011"]
[Site "Vojens"]
[Date "2011.05.30"]
[Round "5"]
[White "Hedegaard, Michael"]
[Black "Hye, Allan"]
[Result "0-1"]
[WhiteElo "1890"]
[BlackElo "1970"]
[PlyCount "58"]
[EventDate "2011.??.??"]

1. b3 e5 2. Bb2 Nc6 3. c4 Nf6 4. g3 d5 5. cxd5 Qxd5 6. Nf3 Bg4 7. Nc3 Qd7 8. h3
Bxf3 9. exf3 Rd8 10. a3 Bc5 11. Ne4 Bd4 12. Nxf6+ gxf6 13. Bc3 Ne7 14. h4 Bxc3
15. dxc3 Qc6 16. Qc2 Qxf3 17. Rg1 c6 18. Be2 Qd5 19. b4 e4 20. Rd1 Qe5 21. c4
O-O 22. Kf1 Nf5 23. Kg2 Kh8 24. Rxd8 Rxd8 25. Rd1 Rg8 26. Kf1 Ne3+ 27. fxe3
Qxg3 28. Bg4 Qxg4 29. Qe2 Qg1# 0-1

[Event "Sonderjysk EMT Mesterklassen 2011"]
[Site "Vojens"]
[Date "2011.06.06"]
[Round "6"]
[White "Brautsch, Soren"]
[Black "Bjornskov, Kai Christian"]
[Result "1/2-1/2"]
[WhiteElo "2200"]
[BlackElo "2096"]
[PlyCount "33"]
[EventDate "2011.??.??"]

1. d4 Nf6 2. Nf3 d5 3. Bg5 e6 4. e3 Be7 5. Nbd2 c5 6. c3 Nc6 7. Bd3 O-O 8. O-O
Bd7 9. Ne5 Nxe5 10. dxe5 Ne8 11. Bxe7 Qxe7 12. f4 f5 13. exf6 Nxf6 14. Nf3 Be8
15. Ne5 Rd8 16. Qe2 Nd7 17. Nxd7 1/2-1/2

[Event "Sonderjysk EMT Mesterklassen 2011"]
[Site "Vojens"]
[Date "2011.05.26"]
[Round "6"]
[White "Hye, Allan"]
[Black "Hermannsen, Allan Schmidt"]
[Result "1/2-1/2"]
[WhiteElo "1970"]
[BlackElo "2048"]
[PlyCount "144"]
[EventDate "2011.??.??"]

1. b4 e5 2. Bb2 Bxb4 3. Bxe5 Nf6 4. c4 Nc6 5. Bb2 O-O 6. Nf3 d5 7. cxd5 Nxd5 8.
g3 Re8 9. Bg2 Qe7 10. O-O Nb6 11. Qc2 Bg4 12. e3 Rad8 13. d4 Bh5 14. Nh4 Qd7
15. Rc1 Be7 16. Qf5 Bg4 17. Qxd7 Bxd7 18. Nd2 Na4 19. d5 Nxb2 20. dxc6 Be6 21.
Rc2 b6 22. Rxb2 Bf6 23. Rab1 Bxb2 24. Rxb2 Rd3 25. Nhf3 Ra3 26. Nb3 Bxb3 27.
axb3 Ra1+ 28. Bf1 Rc1 29. Nd4 a5 30. Kg2 g6 31. Be2 Rc5 32. Bg4 f5 33. Be2 Kf7
34. Bc4+ Kf6 35. Kf3 h6 36. h4 Rce5 37. Rd2 Rd8 38. Ke2 Rd6 39. Nf3 Rxd2+ 40.
Kxd2 Re7 41. Nd4 h5 42. Ba6 Ke5 43. Bc8 Kd6 44. Bd7 Kc5 45. Kc3 b5 46. Ne6+ Kd6
47. Nf4 Kc5 48. Nxg6 Re4 49. Nf4 a4 50. bxa4 bxa4 51. Nd3+ Kb5 52. Bxf5 Rc4+
53. Kb2 Ka5 54. Ne5 Rb4+ 55. Ka2 Rb5 56. f4 Kb4 57. g4 hxg4 58. Bxg4 Rd5 59. h5
Rd2+ 60. Kb1 a3 61. Be6 Rh2 62. f5 Rxh5 63. f6 Rh1+ 64. Kc2 Rh2+ 65. Kd3 a2 66.
Bxa2 Rxa2 67. f7 Rf2 68. Ke4 Rf6 69. Kd4 Rd6+ 70. Ke4 Rf6 71. Kd4 Rd6+ 72. Ke4
Rf6 1/2-1/2

[Event "Sonderjysk EMT Mesterklassen 2011"]
[Site "Vojens"]
[Date "2011.06.06"]
[Round "6"]
[White "Jensen, Godtfred Sloth"]
[Black "Karstensen, Christian"]
[Result "1/2-1/2"]
[WhiteElo "1898"]
[BlackElo "1895"]
[PlyCount "64"]
[EventDate "2011.??.??"]

1. e4 c5 2. Nf3 d6 3. d4 cxd4 4. Nxd4 Nf6 5. Nc3 a6 6. Be2 e5 7. Nb3 Be7 8. O-O
O-O 9. Bf3 Be6 10. Bg5 Nbd7 11. Qd2 Re8 12. Rad1 Qc7 13. Rfe1 b5 14. Bxf6 Nxf6
15. Nd5 Nxd5 16. exd5 Bf5 17. c3 Bg6 18. Qe2 f5 19. Bh5 Bxh5 20. Qxh5 g6 21.
Qh6 Bf8 22. Qh3 Bg7 23. Kh1 a5 24. Qd3 a4 25. Nc1 Qb6 26. f3 Re7 27. a3 Rae8
28. Na2 e4 29. fxe4 Rxe4 30. Rxe4 Rxe4 31. Rf1 Qc5 32. Nb4 h5 1/2-1/2

[Event "Sonderjysk EMT Mesterklassen 2011"]
[Site "Vojens"]
[Date "2011.06.06"]
[Round "6"]
[White "Hedegaard, Michael"]
[Black "Nielsen, Finn E"]
[Result "1/2-1/2"]
[WhiteElo "1890"]
[BlackElo "1891"]
[PlyCount "47"]
[EventDate "2011.??.??"]

1. Nf3 Nf6 2. d3 d5 3. Nbd2 Bf5 4. g3 h6 5. Bg2 e6 6. O-O c6 7. Re1 Be7 8. a4
a5 9. c3 Na6 10. Ne5 O-O 11. h4 Ng4 12. Nxg4 Bxg4 13. Nf3 Bf6 14. Qc2 Rc8 15.
e4 dxe4 16. dxe4 b5 17. e5 Bf5 18. Qd2 Be7 19. Qxd8 Bxd8 20. Nd4 b4 21. Bxc6
Nc5 22. Nxf5 exf5 23. Bb5 Nb3 24. Rb1 1/2-1/2

[Event "Sonderjysk EMT Mesterklassen 2011"]
[Site "Vojens"]
[Date "2011.06.09"]
[Round "7"]
[White "Hermannsen, Allan Schmidt"]
[Black "Jensen, Godtfred Sloth"]
[Result "1-0"]
[WhiteElo "2048"]
[BlackElo "1898"]
[PlyCount "47"]
[EventDate "2011.??.??"]

1. e4 c5 2. Nf3 d6 3. d4 cxd4 4. Nxd4 Nf6 5. Nc3 a6 6. h3 e6 7. g4 Nc6 8. Be3
Be7 9. Bg2 Qc7 10. Qd2 Bd7 11. f4 Rc8 12. Nb3 b5 13. a3 O-O 14. O-O-O Rfd8 15.
Qf2 Rb8 16. Rhe1 a5 17. e5 dxe5 18. fxe5 b4 19. exf6 gxf6 20. Ne4 bxa3 21.
Nxf6+ Bxf6 22. Qxf6 Rxb3 23. Bh6 a2 24. Qg7# 1-0

[Event "Sonderjysk EMT Mesterklassen 2011"]
[Site "Vojens"]
[Date "2011.06.09"]
[Round "7"]
[White "Karstensen, Christian"]
[Black "Brautsch, Soren"]
[Result "0-1"]
[WhiteElo "1895"]
[BlackElo "2200"]
[PlyCount "68"]
[EventDate "2011.??.??"]

1. e4 Nf6 2. e5 Nd5 3. c4 Nb6 4. c5 Nd5 5. Bc4 c6 6. d4 d6 7. cxd6 exd6 8. Nf3
Be7 9. h3 Be6 10. O-O O-O 11. a3 Nd7 12. Bd3 dxe5 13. dxe5 Re8 14. Re1 Qc7 15.
b4 a5 16. bxa5 Rxa5 17. Bb2 Nf4 18. Bf1 Rd8 19. Qc1 Ng6 20. Qe3 Bc5 21. Qc3 Qb6
22. Rd1 Bxf2+ 23. Kh2 Rc5 24. Qb4 Qc7 25. Kh1 Ndxe5 26. Rxd8+ Qxd8 27. Nxe5
Nxe5 28. Nd2 Rd5 29. Bxe5 Rxe5 30. Qxb7 h6 31. a4 Bd5 32. Rd1 Rh5 33. Nf3 Rxh3+
34. gxh3 Bxf3+ 0-1

[Event "Sonderjysk EMT Mesterklassen 2011"]
[Site "Vojens"]
[Date "2011.06.09"]
[Round "7"]
[White "Bjornskov, Kai Christian"]
[Black "Hedegaard, Michael"]
[Result "1/2-1/2"]
[WhiteElo "2096"]
[BlackElo "1890"]
[PlyCount "84"]
[EventDate "2011.??.??"]

1. d4 Nf6 2. c4 c5 3. e3 cxd4 4. exd4 g6 5. Nf3 d6 6. Nc3 Bg7 7. Be2 Nbd7 8.
O-O O-O 9. Bf4 Re8 10. Qd2 e5 11. dxe5 dxe5 12. Nxe5 Nc5 13. Qxd8 Rxd8 14. Rad1
Bf5 15. g4 Bc2 16. Rc1 Nd3 17. Bxd3 Bxd3 18. Rfd1 Be4 19. f3 Bc6 20. Nxc6 bxc6
21. Kf2 Rxd1 22. Rxd1 Bf8 23. Bd6 Rd8 24. Bxf8 Rxd1 25. Be7 Nxg4+ 26. fxg4 Rd2+
27. Kg3 Rxb2 28. Bf6 Rb4 29. c5 Rc4 30. Kf3 Rxc5 31. Ke3 Rc4 32. h3 h5 33. gxh5
gxh5 34. a4 Kh7 35. Bd4 a6 36. a5 c5 37. Bf6 Kg6 38. Kd3 Rf4 39. Be7 c4+ 40.
Ke3 Kf5 41. Bd8 f6 42. Nd5 Rh4 1/2-1/2

[Event "Sonderjysk EMT Mesterklassen 2011"]
[Site "Vojens"]
[Date "2011.06.09"]
[Round "7"]
[White "Nielsen, Finn E"]
[Black "Hye, Allan"]
[Result "0-1"]
[WhiteElo "1891"]
[BlackElo "1970"]
[PlyCount "72"]
[EventDate "2011.??.??"]

1. d4 d5 2. c4 c6 3. Nc3 Nf6 4. cxd5 cxd5 5. Nf3 Nc6 6. g3 Bf5 7. Nh4 Bg4 8.
Bg2 e6 9. O-O Be7 10. Nf3 O-O 11. h3 Bh5 12. g4 Bg6 13. Ne5 Nxe5 14. dxe5 Ne4
15. Nxe4 dxe4 16. Bd2 b5 17. Be3 Qc7 18. Qd4 Rfd8 19. Qc3 Qxc3 20. bxc3 a6 21.
Rfd1 Rac8 22. Rxd8+ Bxd8 23. a4 bxa4 24. Rxa4 a5 25. c4 f5 26. exf6 gxf6 27. c5
f5 28. f3 Be8 29. Ra1 a4 30. Bd4 e5 31. Bxe5 Rxc5 32. f4 Rc2 33. gxf5 Rxe2 34.
Bf1 Bb6+ 35. Kh1 Rc2 36. Ba6 Bc6 0-1